| 000 | 00771nam a2200205 a 4500 | ||
|---|---|---|---|
| 001 | 5887 | ||
| 003 | CDMR | ||
| 005 | 20131212120701.0 | ||
| 008 | 130220s2002||||||||||||||||||||||||||||d | ||
| 040 |
_aCDMR _bcat _cCDMR |
||
| 245 | 1 | 0 |
_aRepresentación de género en los informativos de radio y televisión _cPilar López Díez [directora] |
| 260 |
_aMadrid _bInstituto Oficial de Radio y Televisión, RTVE _c2002 |
||
| 300 |
_a61 p ; _c25 cm |
||
| 650 | 0 | 4 |
_92757 _aMitjans de comunicació de massa _xAspectes socials |
| 650 | 0 | 4 |
_94436 _aPaper segons el sexe en els mitjans de comunicació de massa |
| 650 | 0 | 4 |
_93157 _aTelevisió _xNoticiaris |
| 650 | 0 | 4 |
_94117 _aMitjans de comunicació de massa _vEstadístiques |
| 700 | 1 |
_92898 _aLópez Díez, Pilar _edir. |
|
| 942 |
_cMON _2udc |
||
| 999 |
_c5887 _d5887 |
||